| 000 -LEADER |
| fixed length control field |
00516nam a2200181Ia 4500 |
| 008 - FIXED-LENGTH DATA ELEMENTS--GENERAL INFORMATION |
| fixed length control field |
220726s9999||||xx |||||||||||||| ||und|| |
| 020 ## - INTERNATIONAL STANDARD BOOK NUMBER |
| International Standard Book Number |
9789388022682 |
| 082 ## - DEWEY DECIMAL CLASSIFICATION NUMBER |
| Classification number |
610 |
| 082 ## - DEWEY DECIMAL CLASSIFICATION NUMBER |
| Item number |
Dwi/P |
| 100 ## - MAIN ENTRY--PERSONAL NAME |
| Personal name |
Dwivedi, Shivendra Kumar |
| 245 #0 - TITLE STATEMENT |
| Title |
Dr. Shivendra-Practical Lab Manual of Pharmaceutical Organic Chemistry- 2: As per PCI Syllabus B. Pharm 3rd Semester |
| 250 ## - EDITION STATEMENT |
| Edition statement |
Reprint |
| 260 ## - PUBLICATION, DISTRIBUTION, ETC. |
| Place of publication, distribution, etc. |
New Delhi |
| 260 ## - PUBLICATION, DISTRIBUTION, ETC. |
| Name of publisher, distributor, etc. |
IP Innovative Publication Pvt. Ltd. |
| 260 ## - PUBLICATION, DISTRIBUTION, ETC. |
| Date of publication, distribution, etc. |
2022 |
| 300 ## - PHYSICAL DESCRIPTION |
| Extent |
103 |
| 942 ## - ADDED ENTRY ELEMENTS (KOHA) |
| Koha item type |
|